Names of Houses of Legislatures to Countries - Statistics

General Stats
  • This quiz has been taken 36 times
  • The average score is 12 of 14
Answer Stats
Houses of Legislatures Answer % Correct
Bundesrat, Bundestag Germany
100%
Sovet Federatsii, Gosudarstvennaya Duma Russia
100%
House of Lords, House of Commons United Kingdom
100%
Bundesrat, Nationalrat Austria
97%
Sénat, Assemblée nationale France
97%
Senate, House of Representatives United States
97%
Seanad Éireann, Dáil Éireann Ireland
94%
Senate, House of Commons Canada
91%
Sangiin, Shūgiin Japan
88%
Daehan-min-guk Gukhoe South Korea
88%
Senado Federal, Câmara dos Deputados Brazil
85%
Rajya Sabha, Lok Sabha India
85%
Knesset Israel
82%
National Council of Provinces, National Assembly South Africa
45%
No matching quizzes found
Score Distribution
Percent of People with Each Score
Percentile by Number Answered
Your Score History
You have not taken this quiz